000 00460nam a2200181Ia 4500
005 20250423094803.0
008 250422s9999 xx 000 0 und d
020 _a978-0-618-26036-2
050 _aQA 154.3 .N374/
100 _aNarasimhan, Revatthi
245 0 _aCollege algebra : building concepts and connections
260 _aNew York
260 _bHoughton Mifflin Company
260 _c2009
300 _a698 p
650 _aAlgebra
942 _cBK
999 _c28295
_d28295